| 000 | 01756cam a22002775a 4500 | ||
|---|---|---|---|
| 001 | L146416 | ||
| 008 | 090116s2008 xxkado f 001 0 eng d | ||
| 020 | _a9781856695527 | ||
| 035 | _a(Sirsi) u146416 | ||
| 041 | 0 | _aeng | |
| 050 | 0 | 4 | _a725.3109421 $2 22 |
| 100 | 1 | _aLansley, Alastair | |
| 245 | 0 | 0 | _aSt. Pancras International |
| 260 |
_aLondon _bLaurence King _c2008 |
||
| 300 |
_a240p _bcol. ill. _c25cm. |
||
| 505 | 2 | _aIntroduction -- A Gothic past -- Dereliction and decay -- A new vision -- A masterpiece restored -- New meets old -- Transformation -- 21st-century Gothic -- London's best-connected station -- Renaissance of a grand hotel -- A new heart for London -- A place to meet -- The royal opening -- Index | |
| 520 | _aLooks at the history of St Pancras Station and the 2007 project to renovate and redevelop the area around St Pancras and transform the station into the new London terminus for the high-speed channel tunnel link to continental Europe. One of the largest civil engineering projects in Europe, the book shows how the old St Pancras (one of London's finest Victorian stations) has been restored to its original glory and extended for the demands of 21st-century rail travel. The book has been written by those who were involved in the project and relates how the original building was renovated and expanded with major new additions and how the surrounding area has been regenerated to become a desirable destination in its own right. Winner of the 2008 RICS Project of the Year Award. | ||
| 521 | 2 | 0 | _aIntroductory |
| 590 | _aKA | ||
| 651 | 4 | _aLondon | |
| 690 | _aBUILT ENVIRONMENT-CONSTRUCTION DESIGN | ||
| 700 | 1 | _aDyke, Stuart | |
| 700 | 1 | _aGambrill, Bernard | |
| 700 | 1 | _aShelton, Roderick | |
| 942 | _n0 | ||
| 999 |
_c109166 _d109166 |
||